000 00277nam a2200121Ia 4500
005 20251222143316.0
008 251222s9999||||xx |||||||||||||| ||spa||
082 _a240.4/V66
100 _aVillalón, Joaquin
245 0 _aLa Moda Cristiana
264 _bArqueros
942 _cLIB
999 _c15918
_d15918